Principles and standards for measuring primary production
Αποθηκεύτηκε σε:
| Άλλοι συγγραφείς: | , |
|---|---|
| Μορφή: | Βιβλίο |
| Γλώσσα: | English |
| Δημοσίευση: |
Oxford :
Oxford University Press,
2007
|
| Σειρά: | Long-Term Ecological Research Network series
|
| Θέματα: | |
| Ετικέτες: |
Προσθήκη ετικέτας
Δεν υπάρχουν, Καταχωρήστε ετικέτα πρώτοι!
|
MARC
| LEADER | 00000nam a2200000 i 4500 | ||
|---|---|---|---|
| 001 | 1/103310 | ||
| 008 | 090326s2007 eng d | ||
| 020 | |a 978-0-19-516866-2 | ||
| 035 | |l 10103996 | ||
| 040 | |a GR-MY-UA |b gre |e aacr | ||
| 041 | 0 | |a eng | |
| 082 | 0 | |a 577.15 |2 (22) | |
| 245 | 1 | 0 | |a Principles and standards for measuring primary production / |c edited by Timothy J. Fahey, Alan K. Knapp |
| 260 | |a Oxford : |b Oxford University Press, |c 2007 | ||
| 300 | |a xii, 268 σ.; |b εικ., 1 χάρτης; |c 24 εκ. | ||
| 490 | 1 | |a Long-Term Ecological Research Network series | |
| 504 | |a Περιέχει βιβλιογραφικές παραπομπές και ευρετήριο | ||
| 650 | 0 | 0 | |a Ecology |x Research. |
| 650 | 0 | 0 | |a Primary productivity (Biology) |
| 700 | 1 | |a Fahey, Timothy J. |d 1952- |4 edt | |
| 700 | 1 | |a Knapp, Alan K. |d 1956- |4 edt | |
| 830 | 0 | |a Long-Term Ecological Research Network series | |
| 852 | |a INST |b LESVOS |e 20090326 |h 577.15 PRI |p 005100044643 |q 005100044643 |t BK |y 0 | ||
| 901 | |a BIBL1-2009-1 | ||
| 909 | |a Λ |b 156319 | ||
| 922 | |a 1ΕΛΗ |b 200809 |c ΕΠΕΑΕΚ2/ΤΠ |d ΜΙΧΑΛΟΠΟΥΛΟΣ | ||
| 970 | |a ΚΑΡΑ |b ΓΙΑΣΕΜΗ |z 2009/03/26 | ||